| 000 | 00563nam a2200193Ia 4500 | ||
|---|---|---|---|
| 005 | 20250317124701.0 | ||
| 008 | 008 250317s9999 xx 000 0 eng d | ||
| 020 | _a0-684-85473-2 | ||
| 037 | _aTextbook | ||
| 040 |
_aFMSL _beng _cFMSL |
||
| 041 |
_aeng _2eng |
||
| 084 |
_aX9Sw.73 N9 _qFMSL |
||
| 100 |
_aBrands H W _9742771 |
||
| 245 | 0 | _aMasters of enterprise: Giants of American Business | |
| 260 |
_aNew York _bNew York, The Free Press _c1999 |
||
| 300 | _axi,354 | ||
| 942 |
_cTB _hX9Sw.73 N9 |
||
| 999 |
_c1256531 _d1256531 |
||